| 000 | 005780000a22001810004500 | ||
|---|---|---|---|
| 003 | MACL | ||
| 005 | 20160120144826.0 | ||
| 008 | 160120b xxu||||| |||| 00| 0 eng d | ||
| 040 |
_aMACL _cMACL |
||
| 041 | _aHindi | ||
| 082 | _a351/SHA | ||
| 100 |
_aशर्मा डॉ. सी.पी _933678 |
||
| 245 | _aमघ्यप्रदेश पी.एस.सी प्रारम्भिक परीक्षा | ||
| 260 |
_bउपकार प्रकाशन _aआगरा |
||
| 350 | _a130 | ||
| 650 |
_aPublic Administration _933679 |
||
| 942 |
_cHIN _k351 _2ddc |
||
| 999 |
_c30738 _d30738 |
||